Daredevil villains - Statistics

General Stats
  • This quiz has been taken 238 times
  • The average score is 6 of 15
Answer Stats
Hint Answer % Correct
Wilson Fisk Kingpin
99%
Former Lover Elektra
82%
Lester Bullseye
74%
Group of Ninjas The Hand
68%
Leland Owlsley The Owl
42%
Melvin Potter Gladiator
38%
Mary Walker Typhoid Mary
33%
Wilbur Day Stilt-Man
30%
Zebediah Kilgrave The Purple Man
30%
Frank Simpson Nuke
21%
Zoltan Drago Mr Fear
15%
Vincent Patilio Leap-Frog
12%
William Taurens Man-Bull
11%
Carl Burbank Bushwacker
9%
Manuel Elongato Matador
9%
No matching quizzes found
Score Distribution
Percent of People with Each Score
Percentile by Number Answered
Your Score History
You have not taken this quiz